00882nam a22002057a 450000500170000000800410001702000150005805000240007310000220009724501560011925000110027526001410028630000280042749000340045550000330048965000560052265000360057870000300061470000320064420250604120836.0250604b mx ||||| |||| 00| 0 spa d a968296421004aF1221.M7 bC37 19941 aCasas, Alejandro.10aEtnobotánica mixteca b: sociedad, cultura y recursos naturales en la montaña de Guerrero c/ Alejandro Casas, Juan Luis Viveros, Javier Caballero. a1a ed. aMéxico :bConsejo Nacional para la Cultura y las Artes. Dirección General de Publicaciones :bInstituto Nacional Indigenista,c1994. a366 p. :bil. ;c22 cm.0 aColección Presencias ;v67. aBibliografía : p. 361-366. 4aIndios mixtecosxVida social y costumbreszMéxico 4aIndios mixtecosxEtnobotánica1 aCasas, Alejandro, eautor1 aViveros, Juan Luis, eautor